| 000 | 00824nam a2200217Ia 4500 | ||
|---|---|---|---|
| 008 | 0000001987 sp a 0000000000spa00 | ||
| 020 | _a8439893264 | ||
| 090 | _aPSP00 T23j | ||
| 100 | 1 |
_aTeiXidor, Jordi _d1941 |
|
| 245 | 1 | 0 |
_aJordi Teixidor _b: obra reciente _c/ fotografías Juan Dolcet |
| 300 |
_a[42] p. _c/ 28 cm. |
||
| 500 | _aExposición realizada en la Galeria de Arte Soledad Lorenzo, Madrid, Abril Mayo, 1987 \ Con el patronazgo del maestro venezolano Jesús Rafael Soto (q.e.p.d.) \ | ||
| 600 | 0 | 0 |
_aTEIXIDOR, JORDI, 1941/ _xTRABAJOS PICTORICOS |
| 650 | 1 | 4 | _aARTE CONTEMPORANEO ESPAÑOL |
| 650 | 1 | 4 | _xCATALOGOS |
| 650 | 1 | 4 | _xEXPOSICIONES |
| 650 | 1 | 4 | _aPINTORES ESPAÑOLES |
| 650 | 1 | 4 | _aPINTURA ESPAÑOLA |
| 700 | 1 | _aDolcet, Juan | |
| 999 |
_c6477 _d6477 |
||
| 260 |
_aMadrid : Galería Soledad Lorenzo _c1987 |
||